000 00232nam a2200097Ia 4500
001 812140
005 20250826171554.0
008 250824s9999 xx 000 0 und d
245 0 _aDENİZ KIZI
_cPEYAMİ SAFA
260 _bDAMLA YAYINLARI
999 _c812140
_d812140